000 00864nam a22002897a 4500
001 7878
003 FISKH
005 20250813083807.0
008 250813b cb ||||| |||| 00| 0 eng d
020 _a9780439350969
040 _aFISKH
_beng
_cFISKH
_dFISKH
050 _aTH9148 .M565
082 _a628.9
100 _aMitten, Christopher
245 _aFirefighters /
_cBy Christopher Mitten
250 _aThis edition first published in 2002
260 _aNew York :
_bScholastic,
_c2002
300 _a16 pages :
_bcolor illustrations ;
_c21 cm
505 _aN
520 _aSimple text and color photographs introduce students to a typical day of a firefighter.
521 8 _a540
_bLexile
521 8 _aN
_bRaz-Plus
650 _2Social studies
_aCareers
650 _2Community helpers
_aFire safety
942 _2ddc
_cBK
_n0
999 _c7878
_d7878